000 00492nam a22001817a 4500
005 20180622113648.0
010 _aENG-123292
020 _c299.00
_a9789386338785
035 _aEN-106824
037 _bDBAD/PUB
082 _aN
100 _aPerrin, Alice
245 _aStar of India/
_cby Alice Perrin
260 _aNew Delhi
_bSpeaking Tiger Publishing
_c2017
270 _a4381/4, Ansari Road, Daryaganj,
_bNew Delhi
_e110002
300 _a261p.
_c18cm(pbk)
942 _2ddc
_cEN
_mPER
_hN
999 _c152952
_d152952